[Event "BRA-ch Amateur U1600"]
[Site "Sao Paulo"]
[Date "2022.06.19"]
[Round "7"]
[White "Gimenes, Larissa Lais Grande"]
[Black "Piekarski, Clarice Wiecheteck"]
[Result "0-1"]
[WhiteElo "1800"]
[BlackElo "1729"]
[PlyCount "52"]
[EventDate "2022.06.16"]
[EventType "swiss"]
[EventRounds "7"]
[EventCountry "BRA"]
[SourceTitle "CBM 208 Extra"]
[Source "ChessBase"]
[SourceDate "2022.07.31"]
[SourceVersion "1"]
[SourceVersionDate "2022.07.31"]
[SourceQuality "1"]

1. d4 d5 2. c4 Nf6 3. Nc3 Nc6 4. e3 Be6 5. b3 Na5 6. cxd5 Nxd5 7. Qc2 Qc8 8. Bd3 g6 9. Nf3 Bf5 10. e4 Nxc3 11. Qxc3 Bd7 12. Qxa5 b6 13. Qd2 e6 14. Bb2 a5 15. d5 Bb4 16. Bc3 Bd6 17. Bxh8 Ke7 18. Bc3 h6 19. 0-0 g5 20. b4 Bf4 21. Qe1 c6 22. dxe6 fxe6 23. Bd2 Bb8 24. Rb1 g4 25. Ne5 Qc7 26. Nxd7 Qxh2# 0-1